1684 1910 1272 1537 1438 1123 1831 1900 1999 1655 1912 1664 1730 1231 1379 1352 1737 1375 1734 1436 1688 1740 1141 1196 1152 1961 1046 1934 1706 1418 1906 1147 1033 1652 1434 1940 1648 1641 1318 1930 1689 1534 1514 1511 1631 1304 1700 1178 1974 1500 1919 1530 1118 1356 1007 1907 1175 1431 1909 1909 1872 1076 1664 1305 1085 1044 1245 1570 1745 1800 1211 1449 1148 1075 1823 1596 1196 1266 1927 1497 1376 1015 1116 1985 1511 1614 1492 1108 1943 1696 1167 1459 1965 1223 1295 1903 1262 1293 1504 BCNSPRNW ULIB Ver.6.0+V

เปลี่ยนเป็นภาษาไทย

Change to English
 แสดงรายละเอียดบรรณานุกรม
  กลับหน้าหลัก

Brief Record : Get Marc (ISO 2709) : E-mail record : QR code < ปิดหน้าต่าง
LEADER : 00000nam 2200000uu 4500
001    13399114551
003     ULIB
008    120417s2011||||th 000 0 eng d
020    9780335241637
060  4 QS4^bK19n
100 1   Katherine M.A.Roger & William n.Scott
245 00 Nurses! Test yourself in Anatomy & Physiology/^c Katherine M.A.Roger & William n.Scott
260    England:^bMcGraw-Hill,^c2011
300    224 p:^bill,^c21.5cm
650  7 Anatomy
650  7 Physiology
700 0  William n.Scott
945    ^p0^l0^i031640
995    Kesorn
999 ^a ใช้งานได้ทุกระบบ
รายการนี้ยังไม่มีแท็ก
คุณยังไม่ได้ล็อกอิน คุณสามารถมีกิจกรรมร่วมกับเว็บไซต์ได้ แต่ต้องล็อกอินก่อน ::
  ล็อกอิน

รายการสื่อสารสนเทศ

ลำดับที่ ประเภท เลขเรียก/บาร์โค้ด สถานที่ สถานะ
- ไม่พบข้อมูล -

รายการใกล้เคียง
    ผู้แต่ง [Katherine M.A.Roger & William n.Scott]

    หัวเรื่อง [Anatomy]
    หัวเรื่อง [Physiology]

BibComment


ยังไม่เคยถูกคอมเมนท์

คอมเมนท์ทรัพยากรรายการนี้
  คอมเมนท์: Nurses Test yours..


 Copyright 2026. Bcnsprnw @Library